000 00652nam a22002177a 4500
003 UA-OsUOA
001 97250
007 ta
008 20130327b un ||||| |||| 00| 0 ukr d
100 _aДобко Т.
090 _a02
_bД55
942 _cSA
040 _aUA-OsUOA
_bukr
_cUA-OsUOA
_dUA-OsUOA
245 _aПлатні довідково-бібліографічні послуги бібліотек: ісорія і сучасність
300 _aС.19-29
955 _a0
041 _aukr
080 _a02
773 0 _w97246
_tБібліотечний вісник
_dК.
_d2013
_g1
650 7 _a02 Бібліотечна справа
_2UDC
999 _c383499
_d383499